[Event "Gibraltar Challengers op-B"]
[Site "Caleta"]
[Date "2019.01.28"]
[Round "3"]
[White "Schouten, Freek"]
[Black "Gostelow, David W"]
[Result "1/2-1/2"]
[WhiteElo "2087"]
[BlackElo "1850"]
[PlyCount "36"]
[EventDate "2019.01.26"]
[EventType "swiss"]
[EventRounds "5"]
[EventCountry "GGB"]
[SourceTitle "CBM 188 Extra"]
[Source "ChessBase"]
[SourceDate "2019.02.26"]
[SourceVersion "1"]
[SourceVersionDate "2019.02.26"]
[SourceQuality "1"]

1. d4 d5 2. Nf3 Nf6 3. c4 c6 4. Nc3 Qb6 5. Qc2 g6 6. Bf4 Bf5 7. Qc1 Bg7 8. e3 0-0 9. Nh4 Be6 10. c5 Qd8 11. h3 Nbd7 12. Bd3 b6 13. b4 bxc5 14. bxc5 Qa5 15. 0-0 Nh5 16. Bh2 Bf6 17. Nf3 Nxc5 18. Be2 Ng7 1/2-1/2